| 000 | 00365nam a2200145Ia 4500 | ||
|---|---|---|---|
| 008 | 221030s9999 xx 000 0 und d | ||
| 020 | _a9352025688 | ||
| 041 | _aEnglish | ||
| 100 | _aM. N. Mishra | ||
| 245 | 0 |
_aSales Promotion & Advertising Management _cby M. N. Mishra |
|
| 260 |
_bHPH _aNew Delhi _c2015 |
||
| 300 | _a355 | ||
| 650 | _aManagement | ||
| 942 | _cBK | ||
| 999 |
_c15946 _d15946 |
||